书目信息 |
| 题名: |
翻译教学中的学习者因素研究
|
|
| 作者: | 武光军 著 | |
| 分册: | ||
| 出版信息: | 上海 上海交通大学出版社 2018.12 |
|
| 页数: | 163页 | |
| 开本: | 24cm | |
| 丛书名: | 当代外语研究论丛 | |
| 单 册: | ||
| 中图分类: | H059 | |
| 科图分类: | ||
| 主题词: | 翻译--fan yi--教学研究 | |
| 电子资源: | ||
| ISBN: | 978-7-313-19504-3 | |
| 000 | 01168nam 2200277 450 | |
| 001 | 202019133022 | |
| 005 | 20190921113344.0 | |
| 010 | @a978-7-313-19504-3@dCNY68.00 | |
| 100 | @a20190916d2018 em y0chiy50 ea | |
| 101 | 0 | @achi |
| 102 | @aCN@b310000 | |
| 105 | @aak a 001yy | |
| 106 | @ar | |
| 200 | 1 | @a翻译教学中的学习者因素研究@Afan yi jiao xue zhong de xue xi zhe yin su yan jiu@d= A study on learner factors in translation teaching@f武光军著@zeng |
| 210 | @a上海@c上海交通大学出版社@d2018.12 | |
| 215 | @a163页@c图@d24cm | |
| 225 | 2 | @a当代外语研究论丛@Adang dai wai yu yan jiu lun cong |
| 320 | @a有书目 (第145-160页) 和索引 | |
| 330 | @a本书从实证调查和定量研究的角度对我国翻译教学中的学习者因素进行研究, 描述出我国翻译学习者的学习者因素特征。本研究探索的翻译学习者因素主要包括六方面: 翻译学习观念、翻译学习策略、翻译学习动机、认知风格、翻译元认知知识及翻译学习归因等。 | |
| 410 | 0 | @12001 @a当代外语研究论丛 |
| 510 | 1 | @aStudy on learner factors in translation teaching@zeng |
| 606 | 0 | @a翻译@Afan yi@x教学研究 |
| 690 | @aH059@v5 | |
| 701 | 0 | @a武光军@Awu guang jun@4著 |
| 801 | 0 | @aCN@c20190905 |
| 905 | @a河南城建学院图书馆@dH059@eW955 | |
| 翻译教学中的学习者因素研究= A study on learner factors in translation teaching/武光军著.-上海:上海交通大学出版社,2018.12 |
| 163页:图;24cm.-(当代外语研究论丛) |
| ISBN 978-7-313-19504-3:CNY68.00 |
| 本书从实证调查和定量研究的角度对我国翻译教学中的学习者因素进行研究, 描述出我国翻译学习者的学习者因素特征。本研究探索的翻译学习者因素主要包括六方面: 翻译学习观念、翻译学习策略、翻译学习动机、认知风格、翻译元认知知识及翻译学习归因等。 |
| ● |
| 相关链接 |
|
|
|
正题名:翻译教学中的学习者因素研究
索取号:H059/W955
 
预约/预借
| 序号 | 登录号 | 条形码 | 馆藏地/架位号 | 状态 | 备注 |
| 1 | 1440033 | 214400334 | 语言库209/209语言库 67排4列4层/ [索取号:H059/W955] | 在馆 | |
| 2 | 1440034 | 214400343 | 语言库209/209语言库 67排4列4层/ [索取号:H059/W955] | 在馆 |